[Event "Texas-ch amateur"]
[Site "San Antonio"]
[Date "1997.??.??"]
[Round "3"]
[White "Young, Larry J"]
[Black "McClure, Carl H"]
[Result "1-0"]
[WhiteElo "1980"]
[BlackElo "1630"]
[PlyCount "43"]
[EventDate "1997.??.??"]
[EventType "swiss"]
[EventRounds "6"]
[EventCountry "USA"]
[SourceTitle "EXT 2001"]
[Source "ChessBase"]
[SourceDate "2000.11.22"]
[SourceVersion "1"]
[SourceVersionDate "2000.11.22"]
[SourceQuality "1"]

1. d4 e6 2. c4 d5 3. Nc3 Nf6 4. Bg5 Be7 5. e3 a6 6. Nf3 0-0 7. Rc1 h6 8. Bf4 Bd6 9. Bxd6 Qxd6 10. c5 Qd8 11. Bd3 b5 12. 0-0 Re8 13. Ne5 Nfd7 14. f4 Nf8 15. Qh5 Re7 16. Rf3 f6 17. Rcf1 f5 18. Rg3 Kh7 19. Ng4 Qe8 20. Qxh6+ gxh6 21. Nf6+ Kh8 22. Rg8# 1-0